| 000 | 00673nam a22002297a 4500 | ||
|---|---|---|---|
| 003 | UA-OsUOA | ||
| 001 | 98087 | ||
| 007 | ta | ||
| 008 | 20130409b un ||||| |||| 00| 0 ukr d | ||
| 100 | _aПавленко П. | ||
| 090 |
_a821.161.1 _bП12 |
||
| 942 | _cBK | ||
| 040 |
_aUA-OsUOA _brus _cUA-OsUOA _dUA-OsUOA |
||
| 245 |
_aСобрание сочинений _b2 _cСчастья. Труженики мира |
||
| 300 | _a461 с. | ||
| 955 | _a3 | ||
| 041 | _arus | ||
| 080 | _a821.161.1 | ||
| 260 |
_aМ. _bХудожественная литература _c1953 |
||
| 650 | 7 |
_a82 Література. Літературознавство _2UDC |
|
| 999 |
_c385112 _d385112 |
||